000 00349nam a22001337a 4500
008 171010b xxu||||| |||| 00| 0 eng d
020 _a9780895825513
041 _aeng
080 _a316
100 _a50
101 _aSOC
245 _aINTERCULTURAL ENCOUNTERS THE FUNDAMENTALS OF INTERCULTURAL COMMUNICATION
_cKLOPF.D.W
942 _2udc
_cBK
999 _c32998
_d32998